| 000 | 00000nam##2200000za#4500 |
| 001 | 9.635981 |
| 003 | CaOODSP |
| 005 | 20220505163029 |
| 007 | cr ||||||||||| |
| 008 | 150407|2009||||xxc|||||o f|0| 0 fre|d |
| 020 | |a978-1-100-90463-4 |
| 040 | |aCaOODSP|bfre |
| 043 | |an-cn--- |
| 086 | 1 |aHP5-61/2009F-PDF |
| 110 | 2 |aAgence de santé publique du Canada. |
| 245 | 10|aAgence de la santé publique du Canada : |h[ressource électronique]|bCanadiens en santé - un monde plus sain |
| 260 | |aOttawa - Ontario : |bAgence de santé publique du Canada |cc2009. |
| 300 | |a10p.|bphotographies |
| 590 | |a15-05-Supp|b2015-03-31 |
| 691 | 07|aPromotion de la santé|2gcpds |
| 775 | 08|tThe Public Health Agency of Canada : |w(CaOODSP)9.691666 |
| 776 | 0#|tThe Public Health Agency of Canada : |w(CaOODSP)9.670787 |
| 776 | 0#|tAgence de la santé publique du Canada : |w(CaOODSP)9.670788 |
| 856 | 40|ahttp://publications.gc.ca|qPDF|s1.85 Mo|uhttps://publications.gc.ca/collections/collection_2009/aspc-phac/HP5-61-2009F.pdf |